| 000 | 00758nam a22002057i 4500 | ||
|---|---|---|---|
| 001 | 000011548 | ||
| 005 | 20200929162503.0 | ||
| 008 | 790227|1974 ||| 000 0 spa | ||
| 010 | _a79102756 | ||
| 020 | _a8450006562 | ||
| 040 |
_aDO-SdBNP _cDLC _dDLC |
||
| 050 | 0 | 0 | _aMLCM 83/8720 (S) |
| 100 | 2 |
_aAlfaro Moreno, Agustin. _927320 |
|
| 245 | 1 | 0 |
_aPlaguicidas agricolas y su aplicacion / _cpor Agustin Alfaro Moreno ; con la colaboracion de Agustin Alfaro Garcia. |
| 250 | _a4. ed. | ||
| 260 | _aMadrid : Instituto Nacional de Investigaciones Agrarias, Ministerio de Agricultura, 1974. | ||
| 300 | _axv, 594 p., [2] fold. leaves of plates : ill. ; 25 cm. | ||
| 440 | 0 |
_aColeccion monografias I.N.I.A. ; no. 6 _927321 |
|
| 910 | _aCatalogación derivada | ||
| 999 |
_c11243 _d11243 |
||